Production operations management
Forecasting. Inventory. Scheduling. Project management. Planning. Total quality management.
में बचाया:
| मुख्य लेखक: | |
|---|---|
| स्वरूप: | पुस्तक |
| भाषा: | English |
| प्रकाशित: |
Cincinnati, OH :
South-Western College,
1999.
|
| विषय: | |
| टैग : |
टैग जोड़ें
कोई टैग नहीं, इस रिकॉर्ड को टैग करने वाले पहले व्यक्ति बनें!
|
| Thư viện lưu trữ: | Mạng thư viện Đại học Đà Nẵng |
|---|
| LEADER | 01309cmm a2200361 i 4500 | ||
|---|---|---|---|
| 001 | 000044108 | ||
| 003 | 2351 | ||
| 005 | 20060120170201.0 | ||
| 008 | 010217b1999 vm 000 eng | ||
| 020 | |a 0877095248 | ||
| 040 | |a LRC |c LRC |d LRC | ||
| 041 | 0 | |a eng | |
| 082 | 1 | 4 | |a 658.5 |b MO-T |
| 100 | 1 | |a Morton, Thomas E., |d 1937- | |
| 245 | 1 | 0 | |a Production operations management |h [Computer file] / |c Thomas E. Morton. |
| 260 | |a Cincinnati, OH : |b South-Western College, |c 1999. | ||
| 300 | |a 1 computer disk : |b ill. col. ; |c 4 3/4 in. + |e 1 book) 1 v. (various pagings)60,100,81,87,92,65,42 p. : ill. ; 28.5cm.). | ||
| 520 | 3 | |a Forecasting. Inventory. Scheduling. Project management. Planning. Total quality management. | |
| 630 | 0 | 4 | |a Management. |
| 630 | 0 | 4 | |a Production. |
| 650 | 0 | 4 | |a Production management. |
| OWN | |a DUT | ||
| AVA | |a UDN50 |b DUT |c Visual |d 658.5 MO-T |e available |t Error 5001 Not defined in file expand_doc_bib_avail. |f 2 |g 0 |h N |i 0 |j AV |k 1 | ||
| 999 | |a From the UDN01 | ||
| AVA | |a UDN50 |b DUT |c Visual |d 658.5 MO-T |e available |t Error 5001 Not defined in file expand_doc_bib_avail. |f 2 |g 0 |h N |i 0 |j AV |k 1 | ||
| TYP | |a Computer file | ||
| TYP | |a Monograph | ||
| 980 | |a Mạng thư viện Đại học Đà Nẵng | ||


